| 000 | 00641nam a2200193Ia 4500 | ||
|---|---|---|---|
| 008 | 151121s9999||||xx |||||||||||||| ||und|| | ||
| 082 | _a781/पाटण | ||
| 082 | _bHNW-58547 | ||
| 100 | _aपाटणकर जी।एस। | ||
| 245 | _aमधुर चीजें | ||
| 260 | _b"संगीत कार्यालय, हाथरस,उत्तरप्रदेश" | ||
| 260 | _c-- | ||
| 300 | _a125 | ||
| 600 | _aपाटणकर जी।एस। | ||
| 630 | _aमधुर चीजें | ||
| 700 | _aपाटणकर जी।एस। | ||
| 730 | _aमधुर चीजें | ||
| 942 | _cBOOK | ||
| 999 |
_c1240361 _d1240358 |
||